|
|
|
|
| LEADER |
00000nam a2200000 4500 |
| 001 |
vtls012289201 |
| 003 |
SK-MaSNL |
| 005 |
20260302030301.0 |
| 008 |
251219s2025 gw 000 0 ger |
| 020 |
|
|
|a 9783819734632
|q ( brožované)
|
| 040 |
|
|
|a SNK
|b slo
|c SNK
|e rda
|
| 041 |
0 |
|
|a ger
|
| 044 |
|
|
|a gw
|c DE
|
| 072 |
|
7 |
|2 konspekt
|
| 080 |
|
|
|2 2011
|
| 100 |
1 |
|
|a Scepankova, Elena
|4 aut
|9 676861
|
| 245 |
1 |
0 |
|a Eli aus der Slowakei
|c Elena Scepankova
|
| 264 |
|
1 |
|b epubli
|c 2025
|
| 300 |
|
|
|a 19 strán
|
| 336 |
|
|
|a text
|b txt
|2 rdacontent
|
| 337 |
|
|
|a bez média
|b n
|2 rdamedia
|
| 338 |
|
|
|a zväzok
|b nc
|2 rdacarrier
|
| 500 |
|
|
|a Hrebeňová väzba
|
| 852 |
|
|
|a Slovenská národná knižnica
|
| 919 |
|
|
|a 978-3-8197-3463-2
|
| 999 |
|
|
|c 1046749
|d 1048679
|
| 952 |
|
|
|a SNK
|b SNK
|y NEVYP
|7 1
|o snk
|i snk
|8 4
|g 8.38
|0 0
|1 0
|4 0
|d 2025-12-19
|l 0
|r 2026-02-24 14:43:07
|w 2026-02-24
|